| 000 | 00369nam a2200157Ia 4500 | ||
|---|---|---|---|
| 008 | 230312s9999||||xx |||||||||||||| ||und|| | ||
| 020 | _a0-19-545538-0 | ||
| 082 |
_a820 _bKIP-J |
||
| 100 | _aKipling;Rudyard | ||
| 245 | 0 | _aJust so Stories | |
| 260 |
_bOxford _aChina _c2006 |
||
| 300 | _a60 | ||
| 546 | _aEng. | ||
| 650 |
_aLiterature _vEnglish Literature |
||
| 942 | _cBK | ||
| 999 |
_c9368 _d9368 |
||